Slovenské strojárstvo žije

Súčasný stav slovenského strojárstva jeho strategické ciele a úlohy. Obchod, export, financovanie, riziká spojené s podnikaním na domácom aj zahraničnom trhu. Konkurencieschopnosť a inovácie.

Salvato in:
Dettagli Bibliografici
Autore principale: Hübel, Jozef
Natura: Capitolo di libro
Lingua:slovacco
Soggetti:
Tags: Aggiungi Tag
Nessun Tag, puoi essere il primo ad aggiungerne!!

MARC

LEADER 00000naa a2200000 4500
001 0168709
005 20231011123306.2
041 0 |a slo 
044 |a SK 
245 1 0 |a Slovenské strojárstvo žije  |c Jozef Hübel 
520 |a Súčasný stav slovenského strojárstva jeho strategické ciele a úlohy. Obchod, export, financovanie, riziká spojené s podnikaním na domácom aj zahraničnom trhu. Konkurencieschopnosť a inovácie. 
610 2 0 |a Slovensko 
610 2 0 |a priemysel strojársky 
610 2 0 |a zabezpečenie technické 
610 2 0 |a potenciál technický 
610 2 0 |a výroba strojárska 
610 2 0 |a inovácia 
610 2 0 |a konkurencieschopnosť 
100 1 |a Hübel, Jozef